000 00457nam a22001817a 4500
003 OSt
005 20160330144343.0
008 160330b xxu||||| |||| 00| 0 eng d
020 _a0421912308
040 _cDDC
082 _a026.34COM 2005
100 _aSweet;Maxwell;
_97460
245 _aThe common Law Library.
260 _aLondon.
_bSweet &maxwell;
_c2005.
300 _axlviii,300p;
_bill;
_c24cm
650 _aLibrary Law.
_97461
942 _2ddc
_cSLOAN
999 _c3338
_d3338